000 00901nam a2200217 a 4500
001 48690
005 20180714033103.0
008 140415s2003 mx 000 0 spa d
020 _a9688636738
041 _aspa
082 _a972.48
_bKUR
100 1 _aKuri Camacho, Ramón,.
245 1 0 _aCHIGNAHUAPAN :
_bVOCES Y MIRADAS DE SU HISTORIA
250 _a4ed.
260 _aMEXICO :
_bBENEMERITA UNIVERSIDAD AUTONOMA DE PUEBLA,
_c2003
300 _a412
_c14 x 3 x 21
490 _aPUEBLA
500 _aCOLECCIÓN PUEBLA
520 _aLA PRESENTE OBRA CORRIGE Y AUMENTA CONSIDERABLEMENTE LAS EDICIONES DE 1985 Y 1996 CON UNA RICA Y ABUNDANTE INFORMACIÓN. INFORMACIÓN QUE CUBRE AMPLIAS LAGUNAS HISTOGRÁFICAS, PROFUNDIZA LAS EDICIONES ANTERIORES Y PRETENDE CONVERTIRSE EN OBRA DEFINITIVA QUE ABRA NUEVOS HORIZONTES Y PERSPRECTIVAS.
650 1 4 _aCHIGNAHUAPAN (PUEBLA)
_xHISTORIA
999 _c48690
_d48690